01154nam a22003137a 4500001000200000003000900002005001700011007000700028008004200035020001500077020001800092040002200110082002600132100003600158245014400194246006500338260003300403300003600436490002300472500007400495563006300569650003000632650001200662650001600674650001500690700002700705700004100732740006700773 DO-SdBNP20230324080705.0000431160801b 2003 a mx ||||| |||| 00| 0 spa d a9681912233 a9789681912239 aBPMSUbspacBPMSU 4a272.2 bE97m 20032221 aEymeric, Nicolaud1320-1399b 10aManual del inquisidor ; bUna mirada a la magia /cNicolau Eymeric ; prólogo José Luis Trueba Lara ; Pico de la Mirandola ... [et al.].135Una mirada a la magia: los magos,sus prácticas y su mundo  aMéxico : bAlamah, c2003. a110, 103 p. : bil. ; c16 cm. 0 aAlamah. Esoterismo aIncluye referencias bibliográficas y notas al pie de las páginas. aDos obras encuadernadas juntas con paginación invertida. 4aInquisición vManuales  4aMagia  4aSantería  4aBrujería1 aMirandola, Pico de la 1 aTrueba Lara, José Luis, epról. 02aUna mirada a la magia : los magos, sus prácticas y su mundo